000 00542nmm a2200169Ia 4500
008 251105s9999||||xx |||||||||||||||||und||
020 _a9788446043805
041 _aspa
100 _aEspinoza Lolas, Ricardo
245 0 _aHegel y las nuevas lógicas del mundo y del estado: ¿cómo se es revolucionario hoy?
264 _a[Madrid, España] :
_bAkal,
_c2017
300 _a400 páginas
490 _aPensamiento crítico
650 _aPolitical Science (General)
856 _uhttps://public.digitaliapublishing.com/a/50876
942 _cCF
999 _c83069
_d83069